Artistas musicales por letra - C - Estadísticas

Estadísticas generales
  • Esta prueba ha sido intentada 171 veces
  • La puntuación promedio es 9 de 20
Estadísticas de respuestas
Años activo País Canciones Artista % Correcto
2012– «Havana» | «Señorita» Camila Cabello
90%
2000– «Yellow» | «Viva la Vida» Coldplay
86%
2007– «Vida de rico» | «Tutu» Camilo
82%
1987– «Colgando en tus manos» | «Amor & Dolor» Carlos Baute
79%
2015–2023 «Reggaetón Lento (Bailemos)» | «Se Vuelve Loca» CNCO
70%
1948–2003 «Quimbara» | «Burundanga» Celia Cruz
66%
1978– «Robarte un beso» | «La gota fría» Carlos Vives
63%
1981– «My Heart Will Go On» | «Ne partez pas sans moi» Celine Dion
58%
2012– «Contando lunares» | «Moonlight» Cruz Cafuné
48%
2020– «Si te vas» | «Una noche en Medellín» Cris MJ
43%
2006– «Antes de morirme» | «No te debí besar» C. Tangana
43%
1999– «Genie in a Bottle» | «Candyman» Christina Aguilera
40%
1978– «Bailando bachata» | «Fiesta en América» Chayanne
35%
1977–1986 «Should I Stay or Should I Go» | «Rock the Casbah» The Clash
34%
2011– «3005» | «This is America» Childish Gambino
27%
2004– «100 años» | «Recuérdame» Carlos Rivera
22%
2015– «Esta vez» | «No puedo vivir sin ti» Cepeda
19%
1964– «Maria Maria» | «Oye cómo va» Carlos Santana
16%
2010– «Tú» | «Primera cita» Carín León
12%
1992– «Lovefool» | «My Favourite Game» The Cardigans
12%
No se encontraron pruebas coincidentes
Distribución de puntuación
Porcentaje de gente con cada puntuación
Porcentaje por número respondido
Historial de tus puntuaciones
No has intentado esta prueba.